Test de rapidité - 2 lettres - Statistiques

Statistiques générales
  • Ce quiz a été pris 4 875 fois
    3 127 depuis la dernière actualisation
  • Le résultat moyen est 70 sur 199
Statistiques - réponses
Réponse % Correct
a
100%
z
93%
a
90%
z
88%
a
86%
z
85%
a
84%
z
83%
a
82%
a
81%
z
81%
a
80%
z
80%
a
78%
z
78%
a
76%
z
76%
a
75%
z
75%
a
73%
a
73%
z
73%
z
73%
a
72%
z
72%
z
72%
a
71%
z
71%
a
70%
a
70%
z
70%
a
69%
z
69%
a
68%
z
68%
z
68%
a
67%
z
67%
a
66%
z
65%
a
64%
a
64%
z
64%
a
62%
a
62%
z
62%
z
62%
a
61%
z
61%
z
61%
a
60%
z
60%
a
59%
z
59%
a
57%
z
57%
a
56%
a
55%
z
55%
a
54%
z
54%
a
53%
z
53%
a
52%
z
52%
a
51%
z
51%
z
50%
a
49%
z
49%
a
48%
z
48%
a
47%
z
47%
a
46%
z
46%
a
45%
a
44%
z
44%
z
44%
a
43%
z
42%
a
41%
a
41%
z
41%
z
41%
a
40%
z
40%
a
39%
z
39%
a
38%
z
38%
a
37%
z
36%
a
35%
z
35%
a
34%
z
33%
a
32%
a
32%
z
32%
z
31%
a
30%
z
30%
a
29%
a
29%
z
29%
a
28%
z
28%
z
27%
a
26%
z
26%
a
25%
z
25%
a
23%
z
22%
a
21%
a
21%
z
21%
a
19%
z
19%
z
19%
a
18%
a
18%
z
18%
a
17%
z
17%
z
17%
a
16%
z
16%
a
15%
z
15%
a
14%
a
13%
z
13%
z
13%
a
12%
a
12%
z
12%
z
11%
a
10%
a
10%
z
10%
z
10%
a
9%
z
9%
a
8%
a
8%
z
8%
a
7%
z
7%
z
7%
a
6%
z
6%
a
5%
a
5%
a
5%
z
5%
z
5%
a
4%
a
4%
z
4%
z
4%
z
4%
a
3%
a
3%
a
3%
a
3%
z
3%
z
3%
z
3%
a
2%
a
2%
a
2%
a
2%
a
2%
a
2%
a
2%
z
2%
z
2%
z
2%
z
2%
z
2%
z
2%
z
2%
z
2%
a
1%
a
1%
a
1%
a
1%
a
1%
a
1%
a
1%
z
1%
z
1%
z
1%
z
1%
z
1%
z
1%
Aucun quiz correspondant
Distribution des résultats
% des personnes avec chaque résultat
Percentile par nombre de réponses
Votre historique - résultats
Vous n’avez pas pris ce quiz depuis la dernière actualisation